000
00243nam a2200097Ia 4500
001
984101
005
20250826221018.0
008
250824s9999 xx 000 0 und d
245
0
_a
KENDİNİ ARAMAK
_c
İHSAN FAZLIOĞLU
260
_b
KETEBE YAYINLARI
999
_c
984101
_d
984101